00867nam a2200253 a 4500003000400000005001700004008004100021020002700062040003100089050001600120245012000136250001900256260003200275300004100307336002600348337002800374338002700402504004100429650001700470700002900487700003100516700003200547700003400579OSt20251111152331.0  a0471098779 (Hardcover) cNUSTaNUSTbengdNUSTerda aGA105.3 ELE00aElements of cartography /cedited by Arthur H. Robinson, Randall D. Sale, Joel L. Morrison and Phillip C. Muehrcke. aFifth edition. aNew York :bWiley,c©1984. a544 pages :bIllustrations ;c25 cm. 2rdacontentatextbtxt 2rdamediaaunmediatedbn 2rdacarrieravolumebnc aIncludes bibliographical references. 0aCartography.1 aRobinson, Arthur Howard.1 aSale, Randall D. eEditor1 aMorrison, Joel L. eEditor1 aMuehrcke, Phillip C. eEditor